| 000 | 00679nam a2200241Ia 4500 | ||
|---|---|---|---|
| 005 | 20260430150352.0 | ||
| 008 | 008 250103s9999 xx 000 0 eng d | ||
| 037 | _aTheses | ||
| 040 | _aCRL | ||
| 040 | _beng | ||
| 040 | _ceng | ||
| 041 | _2eng | ||
| 041 | _aeng | ||
| 084 | _qCRL | ||
| 100 |
_aOjha Puneet Kumar Au.; Roy Sanjoy Gu. _91237283 |
||
| 245 | 0 | _aMalnutrition Amongst Children: A Study of Health Programmes of Ramakrishna Mission Varanasi | |
| 260 | _c2023 | ||
| 300 | _a206p. | ||
| 650 | _aSocial Change; Social Work | ||
| 700 | _aUniversity of Delhi. Faculty of Social Sciences. Deptt. of Social Work | ||
| 942 | _cDIS | ||
| 999 |
_c1849620 _d1849620 |
||